01005 a2200241 4500952012200000999001500122022001200137050002300149100002700172110003400199245017900233264004600412300001100458500005000469650003000519650005100549651001800600700002400618700002700642700002500669710003400694942003500728 001040708NFICaLLbLLcGENd2021-09-29l0oKTL19.A35SOU1975p005383r2021-09-29 00:00:00tc.1w2021-09-29ySERIALS c9931d9931 Ino issn00aKTL19.A35 SOU 1975 aDuncan, Graemeeeditor aSupreme Court of South Africa04aSouth African law reports 1975(2) : bDecisions of the Supreme Court of South Africa, South-West Africa division, High court of Rhodesia /cGraeme Duncan, M. Barnett ...et al aSouth Africa:bJuta and Company LTDc1975 a822p.: aIncludes bibliographical references and index 0aLaw reports, digests, etc 7aCases decided in Supreme Court of South Africa 7aSouth Africa.1 aBarnett, M.eeditor1 aBuchanan, J.L.eeditor1 aFisher, D.S.eeditor1 aSupreme Court of South Africa 2lcccSERIALSh19.A35iSOUkKTL